01620nkm a2200289 i 45000010005000000030009000050050017000140070006000310080041000371000031000782450129001092600029002383000039002674900089003065000035003955110089004305180211005196000042007306000047007726100070008197100065008898300097009548520025010518560093010769990015011699520146011842976ES-MaACL20250713062526.0khrbo041102s1981 sp --- g |001||spa d0 aAlfonso,d1902-199091985813aEl planteamiento comunero b: los reinos ibéricos en el esquema imperial de Carlos I [hFotografía] / cAlfonso (sello). a[S.l. : bs.n.], c1981. a3 fot. : bb. y n. ; c13 x 18 cm.1 aConferencias sobre el ordenamiento territorial del estado en la historia de España aDatos basados en invitación.0 aIntervienen: Juan Ignacio Gutierrez Nieto, José Alcalá-Zamora y Queipo de Llano. aActo organizado por la Sección de Historia del Ateneo de Madrid, dirigida por José Alcalá-Zamora y Queipo de Llano, celebrado en el salón de actos, el miércoles 11 de marzo de 1981, a las 20:00 h.14aGutierrez Nieto, Juan Ignacio.96119714aAlcalá-Zamora, José,d1939-201991947124aAteneo de Madrid-xActos culturales-y1981-vFotografías.918922 aAteneo de Madrid. bSección de Ciencias Históricas919810 aConferencias sobre el ordenamiento territorial del Estado en la historia de España9176672 aES-MaACLjFOT 9/19814 uhttp://www.ateneodemadrid.net/biblioteca_digital/imagenes/1981/0009-1981.jpgzVer imagen c2976d2976 001040708Colección_digitalaATENEOMbATENEOMcDEPOZd2008-01-17eSCl0oFOT 9/1981p1003039r2023-02-23 00:00:00w2023-02-23yFOTOGRAFIA